Tierra de promisión : Homenaje a la memoria literaria de José Eustasio Rivera (Registro nro. 35405)
[ vista simple ]
| 000 -CABECERA | |
|---|---|
| Longitud fija campo de control | 00625nam a2200169 4500 |
| 003 - • IDENTIFICADOR DELl NÚMERO DE CONTROL | |
| Identificador del número de control | CO-ViMGA |
| 008 - • CÓDIGOS DE INFORMACIÓN DE LONGITUD FIJA | |
| Códigos de información de longitud fija | 160412b xxu||||| |||| 00| 0 eng d |
| 020 ## - • NÚMERO INTERNACIONAL NORMALIZADO PARA LIBROS | |
| Número Internacional Normalizado para Libros (ISBN) | 9789585866270 |
| 040 ## - FUENTE DE LA CATALOGACIÓN | |
| Centro catalogador de origen | CO-ViMGA |
| Lengua de catalogación | spa |
| Centro transcriptor | CO-ViMGA |
| 082 04 - • NÚMERO DE LA CLASIFICACIÓN DECIMAL DEWEY | |
| Número de clasificación (R) | Co861.5 |
| Número del ítem | R49t4 |
| 100 1# - • PUNTO DE ACCESO PRINCIPAL-NOMBRE DE PERSONA | |
| Nombre de persona | Rivera, José Eustasio |
| 245 10 - • TITULO PROPIAMENTE DICHO | |
| Título | Tierra de promisión : Homenaje a la memoria literaria de José Eustasio Rivera |
| Resto del título | Homenaje a la memoria literaria de José Eustasio Rivera / |
| Mención de responsabilidad, etc. | José Eustasio Rivera |
| 300 ## - • DESCRIPCIÓN FÍSICA | |
| Extensión | 124 p. |
| 650 14 - • PUNTO DE ACCESO ADICIONAL DE MATERIA - TÉRMINO DE MATERIA | |
| Término de materia o nombre geográfico como elemento inicial | Poesía colombiana |
| 942 ## - ENTRADA DE ELEMENTOS AGREGADOS (KOHA) | |
| Fuente de clasificaión o esquema | Dewey Decimal Classification |
| Koha [por defecto] tipo de item | LIbro |
| Perdido | Fuente de clasificación o esquema | Estado Físico | No para préstamo | Forma de adquisición | Localización permanente | Localización actual | Fecha adquisición | Préstamos totales | Signatura completa | Código de barras | Fecha última consulta | Número de copia | Fecha del precio de reemplazo | Tipo de item de Koha | Fecha último préstamo | Localización en estanterías | Note pública |
|---|---|---|---|---|---|---|---|---|---|---|---|---|---|---|---|---|---|
| Colección Depósito Legal del Meta | Biblioteca Pública Departamental Eduardo Carranza - Villavicencio | Biblioteca Pública Departamental Eduardo Carranza - Villavicencio | 01/31/2019 | Co861.5 R49t | ECA27341 | 11/26/2024 | Ej.1 | 11/26/2024 | LIbro | Local Patrimonial | 20239 | 26085 | ||||||
| Dewey Decimal Classification | Sala General | Biblioteca Pública Germán Arciniegas - Villavicencio | Biblioteca Pública Germán Arciniegas - Villavicencio | 04/12/2016 | Co 861.5 R49t4 | 29867 - 1 | 05/19/2018 | Ej. 1 | 05/19/2018 | LIbro | |||||||
| Dewey Decimal Classification | Sala General Segundo Piso | Biblioteca Pública Germán Arciniegas - Villavicencio | Biblioteca Pública Germán Arciniegas - Villavicencio | 04/12/2016 | 1 | Co 861.5 R49t4 | 29867 | 04/08/2019 | Ej. 1 | 04/12/2016 | LIbro | 04/01/2019 |